[Event "BRA-ch sf Reg1 84th"]
[Site "Sao Paulo"]
[Date "2017.12.10"]
[Round "7"]
[White "Toth, Christian Endre"]
[Black "Bueno, Alfeu Varela Jr"]
[Result "1-0"]
[WhiteElo "2353"]
[BlackElo "2221"]
[PlyCount "129"]
[EventDate "2017.12.07"]
[EventType "swiss"]
[EventRounds "7"]
[EventCountry "BRA"]
[SourceTitle "CBM 182 Extra"]
[Source "ChessBase"]
[SourceDate "2018.02.23"]
[SourceVersion "1"]
[SourceVersionDate "2018.02.23"]
[SourceQuality "1"]

1. d4 f5 2. Nc3 d5 3. Bf4 c6 4. e3 Nf6 5. Nf3 e6 6. Be2 Bb4 7. 0-0 Bxc3 8. bxc3 Ne4 9. c4 Nd7 10. cxd5 exd5 11. c4 Ndf6 12. Qb3 Qe7 13. Rfd1 0-0 14. Rab1 Kh8 15. h3 dxc4 16. Bxc4 b5 17. Bd3 Be6 18. Qc2 Rac8 19. Be5 Nd7 20. Bh2 Bd5 21. Qb2 Ng5 22. Nxg5 Qxg5 23. Bf1 Nb6 24. Bf4 Qe7 25. a3 Nc4 26. Qb4 Qe8 27. Rbc1 a5 28. Qc5 a4 29. Bxc4 Bxc4 30. Rxc4 bxc4 31. Qxc4 Ra8 32. Rb1 Qd7 33. Rb6 Rfc8 34. Qb4 Rf8 35. Rb7 Qe6 36. Be5 c5 37. Bxg7+ Kg8 38. Qxc5 Rf7 39. Rxf7 Kxf7 40. Be5 Qd7 41. Qb6 Rg8 42. Qf6+ Ke8 43. Bd6 Qf7 44. Qe5+ Kd7 45. Bb4 Qg6 46. Qb5+ Kc8 47. Qc5+ Kb7 48. Qd5+ Ka6 49. Qc4+ Kb6 50. g3 Re8 51. Bc5+ Kc7 52. Qxa4 f4 53. Qa5+ Kc8 54. Qa8+ Kc7 55. Qa5+ Kc8 56. exf4 Qb1+ 57. Kg2 Qb7+ 58. Kh2 Qf3 59. Qa6+ Kc7 60. Qd6+ Kc8 61. d5 Re1 62. Qa6+ Kd7 63. Qc6+ Kd8 64. Bb6+ Ke7 65. d6+ 1-0

[Event "Botafogo Fexerj op"]
[Site "Botafogo"]
[Date "2015.01.25"]
[Round "6"]
[White "Guimaraes, Diogo Duarte"]
[Black "Toth, Christian Endre"]
[Result "1/2-1/2"]
[WhiteElo "2221"]
[BlackElo "2358"]
[PlyCount "103"]
[EventDate "2015.01.23"]
[EventType "swiss"]
[EventRounds "6"]
[EventCountry "BRA"]
[SourceTitle "CBM 164 Extra"]
[Source "ChessBase"]
[SourceDate "2015.03.02"]
[SourceVersion "1"]
[SourceVersionDate "2015.03.02"]
[SourceQuality "1"]

1. e4 c6 2. d4 d5 3. Nc3 dxe4 4. Nxe4 Bf5 5. Ng3 Bg6 6. h4 h6 7. h5 Bh7 8. Nf3 Nd7 9. Bd3 Bxd3 10. Qxd3 e6 11. c4 Ngf6 12. Bd2 b5 13. b3 bxc4 14. bxc4 Be7 15. 0-0 0-0 16. Qe2 c5 17. Rfe1 Bd6 18. Ne4 Nxe4 19. Qxe4 Nf6 20. Qh4 Rc8 21. Rad1 cxd4 22. Qxd4 Bc5 23. Qh4 Qb6 24. Rb1 Bxf2+ 25. Qxf2 Qxf2+ 26. Kxf2 Rxc4 27. Rec1 Ra4 28. Rc2 Nxh5 29. Rb4 Rxb4 30. Bxb4 Rb8 31. Bd6 Rb5 32. a4 Ra5 33. Rc5 Ra6 34. Rxh5 Rxd6 35. Ra5 a6 36. Ke3 f6 37. Nd4 g5 38. Rc5 e5 39. Nf5 Rb6 40. a5 Rb3+ 41. Ke4 Rb4+ 42. Kd5 Kf7 43. Nd6+ Kg6 44. Rc6 Rd4+ 45. Kc5 Rd2 46. Kb6 Rxg2 47. Ne4 Kf5 48. Nxf6 g4 49. Nd5 Rb2+ 50. Kxa6 g3 51. Rxh6 g2 52. Ne3+ 1/2-1/2

[Event "Botafogo Fexerj op"]
[Site "Botafogo"]
[Date "2015.01.23"]
[Round "1"]
[White "Toth, Christian Endre"]
[Black "Poiani, Fernando Celso"]
[Result "1/2-1/2"]
[WhiteElo "2358"]
[BlackElo "1841"]
[PlyCount "159"]
[EventDate "2015.01.23"]
[EventType "swiss"]
[EventRounds "6"]
[EventCountry "BRA"]
[SourceTitle "CBM 164 Extra"]
[Source "ChessBase"]
[SourceDate "2015.03.02"]
[SourceVersion "1"]
[SourceVersionDate "2015.03.02"]
[SourceQuality "1"]

1. d4 Nf6 2. Nf3 g6 3. Nbd2 Bg7 4. e4 d6 5. Bd3 0-0 6. 0-0 b6 7. Re1 Bb7 8. Nf1 Nbd7 9. Ng3 Re8 10. e5 dxe5 11. dxe5 Nd5 12. a3 e6 13. Qe2 Nc5 14. Bc4 a6 15. Bg5 Qc8 16. Rad1 h6 17. Bc1 Nd7 18. Ba2 b5 19. c4 bxc4 20. Qxc4 N5b6 21. Qc3 Bxf3 22. gxf3 Qb7 23. f4 Na4 24. Qc2 Nab6 25. h4 Rad8 26. h5 Nf8 27. Rd3 Rd7 28. Rxd7 Nbxd7 29. Qe4 Qb6 30. b4 gxh5 31. Nxh5 Rb8 32. Nxg7 Kxg7 33. f5 exf5 34. Qxf5 Qg6+ 35. Qxg6+ Nxg6 36. e6 fxe6 37. Rxe6 Rb6 38. Bb2+ Kf8 39. Bd4 Rxe6 40. Bxe6 Ke7 41. Bc4 Nh4 42. Be3 Nf5 43. Bxa6 Nxe3 44. fxe3 Nb6 45. Kf2 Kd6 46. Kf3 c5 47. bxc5+ Kxc5 48. Kg4 Kd5 49. Kf5 h5 50. e4+ Kc5 51. e5 Nd5 52. e6 Kd6 53. Bb7 Nc7 54. Bc8 h4 55. Kf6 Nd5+ 56. Kf7 Ne7 57. Bb7 h3 58. Be4 h2 59. a4 Nc6 60. Bxc6 Kxc6 61. e7 h1Q 62. e8Q+ Kb6 63. Qb5+ Ka7 64. Qc5+ Ka6 65. Qb5+ Ka7 66. Ke6 Qh6+ 67. Kd5 Qg5+ 68. Kc6 Qf6+ 69. Kc5 Qe5+ 70. Kc6 Qe6+ 71. Kc7 Qe7+ 72. Kc8 Qf8+ 73. Kd7 Qf7+ 74. Kc6 Qe6+ 75. Kc5 Qe5+ 76. Kb4 Qe1+ 77. Kb3 Qe3+ 78. Kc4 Qe4+ 79. Kc5 Qe5+ 80. Kc6 1/2-1/2

[Event "BRA-ch 80th"]
[Site "Joao Pessoa"]
[Date "2013.12.18"]
[Round "7"]
[White "Toth, Christian Endre"]
[Black "Cavalcanti, Francisco de Assis"]
[Result "1/2-1/2"]
[WhiteElo "2365"]
[BlackElo "2294"]
[PlyCount "66"]
[EventDate "2013.12.13"]
[EventType "tourn"]
[EventRounds "11"]
[EventCountry "BRA"]
[EventCategory "7"]
[SourceTitle "CBM 158 Extra"]
[Source "ChessBase"]
[SourceDate "2014.02.28"]
[SourceVersion "1"]
[SourceVersionDate "2014.02.28"]
[SourceQuality "1"]

1. Nf3 Nf6 2. g3 g6 3. c4 Bg7 4. Bg2 0-0 5. 0-0 d6 6. d4 c5 7. Nc3 Nc6 8. dxc5 dxc5 9. Bf4 Be6 10. Ne5 Na5 11. Qa4 Nh5 12. Rad1 Qb6 13. Nd5 Bxd5 14. Rxd5 Nxf4 15. gxf4 Bxe5 16. fxe5 Nc6 17. Qa3 Nb4 18. Rd7 Qe6 19. Rxb7 Qxe5 20. Qe3 Qxe3 21. fxe3 Nxa2 22. Ra1 Nb4 23. Ra5 Rac8 24. Rxe7 Nc6 25. Bxc6 Rxc6 26. Raxa7 Rb6 27. Rab7 Rb8 28. Rxb8+ Rxb8 29. Rc7 Rxb2 30. Kf2 Rb1 31. Rxc5 Rh1 32. Kg2 Re1 33. Kf3 Rh1 1/2-1/2

[Event "BRA-ch 80th"]
[Site "Joao Pessoa"]
[Date "2013.12.15"]
[Round "4"]
[White "Santiago, Yago de Moura"]
[Black "Toth, Christian Endre"]
[Result "1-0"]
[WhiteElo "2450"]
[BlackElo "2365"]
[PlyCount "59"]
[EventDate "2013.12.13"]
[EventType "tourn"]
[EventRounds "11"]
[EventCountry "BRA"]
[EventCategory "7"]
[SourceTitle "CBM 158 Extra"]
[Source "ChessBase"]
[SourceDate "2014.02.28"]
[SourceVersion "1"]
[SourceVersionDate "2014.02.28"]
[SourceQuality "1"]

1. d4 Nf6 2. c4 e6 3. Nc3 Bb4 4. e3 0-0 5. Nge2 d5 6. a3 Be7 7. cxd5 exd5 8. g3 b6 9. Bg2 Bb7 10. 0-0 Re8 11. b4 a6 12. h3 Bd6 13. Qc2 b5 14. f3 Qe7 15. g4 h6 16. Bd2 Nbd7 17. Rfe1 Rad8 18. Nc1 h5 19. g5 Nh7 20. f4 c6 21. e4 Bb8 22. exd5 Qd6 23. Ne4 Qc7 24. d6 Qc8 25. g6 fxg6 26. Qb3+ Kh8 27. Nd3 Ndf8 28. Ne5 Qe6 29. Nf7+ Kg8 30. Nf6+ 1-0

[Event "BRA-ch sf1 80th"]
[Site "Rio de Janeiro"]
[Date "2013.11.02"]
[Round "5"]
[White "Toth, Christian Endre"]
[Black "Leitao, Rafael Duailibe"]
[Result "0-1"]
[WhiteElo "2355"]
[BlackElo "2632"]
[PlyCount "96"]
[EventDate "2013.10.31"]
[EventType "swiss"]
[EventRounds "7"]
[EventCountry "BRA"]
[SourceTitle "EXT 2014"]
[Source "ChessBase"]
[SourceDate "2013.11.20"]
[SourceVersion "1"]
[SourceVersionDate "2013.11.20"]
[SourceQuality "1"]

1. Nf3 Nf6 2. g3 d5 3. Bg2 e6 4. 0-0 Be7 5. c4 c6 6. Qc2 0-0 7. d4 Nbd7 8. b3 b6 9. Bf4 Bb7 10. Nc3 Nh5 11. Bc1 f5 12. a4 a5 13. Bb2 Rc8 14. Rad1 Bd6 15. e3 Nhf6 16. cxd5 cxd5 17. Qb1 Bb4 18. Rc1 Ne4 19. Nb5 Qe7 20. Rxc8 Rxc8 21. Rc1 Qd8 22. Rc2 Rxc2 23. Qxc2 Qc8 24. Qxc8+ Bxc8 25. Bf1 Ba6 26. Bd3 h6 27. Kg2 Kf8 28. Ng1 Ke7 29. Ne2 g5 30. f3 Nd6 31. h3 Nxb5 32. axb5 Bc8 33. g4 fxg4 34. hxg4 Nf6 35. Bc3 Ba3 36. Ng3 Bd7 37. Kf2 Ne8 38. e4 Nd6 39. Ke3 Nxb5 40. Bxb5 Bxb5 41. exd5 exd5 42. Nf5+ Kf6 43. Nxh6 Bd7 44. Be1 Kg6 45. Bg3 Kxh6 46. Bc7 Bc1+ 47. Kf2 Bb5 48. Bxb6 Bd2 0-1

[Event "BRA-ch sf-A"]
[Site "Guarapari"]
[Date "2012.11.04"]
[Round "7"]
[White "Toth, Christian Endre"]
[Black "Gotz, Klaus Seiji Furucho"]
[Result "0-1"]
[WhiteElo "2360"]
[BlackElo "2028"]
[PlyCount "86"]
[EventDate "2012.11.01"]
[EventType "swiss"]
[EventRounds "7"]
[EventCountry "BRA"]
[SourceTitle "EXT 2013"]
[Source "ChessBase"]
[SourceDate "2012.11.22"]
[SourceVersion "1"]
[SourceVersionDate "2012.11.22"]
[SourceQuality "1"]

1. c4 Nf6 2. Nc3 g6 3. Nf3 Bg7 4. g3 0-0 5. Bg2 c6 6. d4 d5 7. cxd5 cxd5 8. Ne5 Nc6 9. Nxc6 bxc6 10. 0-0 Ne4 11. Nxe4 dxe4 12. Bxe4 Bh3 13. Bxc6 Rb8 14. Bg2 Bxg2 15. Kxg2 Bxd4 16. Rb1 Qd5+ 17. Kg1 Rfd8 18. Qa4 Qf5 19. Bf4 e5 20. Be3 Bxe3 21. fxe3 Qd7 22. Qxd7 Rxd7 23. Rf6 Rd2 24. Kf2 Rbxb2 25. Rxb2 Rxb2 26. Ra6 Rb7 27. Kf3 Re7 28. g4 Kg7 29. Ke4 f6 30. a4 Rd7 31. a5 Kf7 32. Rc6 Ke7 33. h3 Rb7 34. Ra6 Rd7 35. h4 Kf7 36. Rc6 Rb7 37. Kd5 Rb5+ 38. Rc5 Rxc5+ 39. Kxc5 h5 40. gxh5 g5 41. hxg5 fxg5 42. Kd5 g4 43. Ke4 Kf6 0-1

[Event "BRA-ch sf-A"]
[Site "Guarapari"]
[Date "2012.11.03"]
[Round "5"]
[White "Toth, Christian Endre"]
[Black "Mendonca, Mateus Nakajo"]
[Result "1/2-1/2"]
[WhiteElo "2360"]
[BlackElo "2211"]
[PlyCount "98"]
[EventDate "2012.11.01"]
[EventType "swiss"]
[EventRounds "7"]
[EventCountry "BRA"]
[SourceTitle "EXT 2013"]
[Source "ChessBase"]
[SourceDate "2012.11.22"]
[SourceVersion "1"]
[SourceVersionDate "2012.11.22"]
[SourceQuality "1"]

1. d4 d5 2. c4 c6 3. Nc3 Nf6 4. cxd5 cxd5 5. Bf4 Nc6 6. e3 a6 7. Bd3 Bg4 8. Nge2 e6 9. h3 Bh5 10. 0-0 Bd6 11. Bxd6 Qxd6 12. Qb3 0-0 13. Rfc1 Qb4 14. Qc2 Bg6 15. Nf4 Qd6 16. Bxg6 hxg6 17. Nd3 Nb4 18. Nxb4 Qxb4 19. a3 Qa5 20. b4 Qd8 21. Na4 Rc8 22. Qxc8 Qxc8 23. Rxc8 Rxc8 24. Nc5 Rc7 25. a4 Ne8 26. f3 Nd6 27. Kf2 g5 28. g4 Kf8 29. Ra2 Ke7 30. a5 Nc4 31. Ke2 Kd6 32. Kd3 Kc6 33. e4 Rc8 34. exd5+ exd5 35. Re2 Rh8 36. Re7 Nd6 37. Nd7 Kb5 38. Ne5 f6 39. Nf7 Nxf7 40. Rxb7+ Ka4 41. Rxf7 Kxb4 42. Rxg7 Rxh3 43. Ke3 Kxa5 44. Rg6 Kb4 45. Rxf6 a5 46. Rb6+ Kc4 47. Rc6+ Kb4 48. Rb6+ Kc4 49. Rc6+ Kb4 1/2-1/2

[Event "American Continental 08th"]
[Site "Mar del Plata"]
[Date "2012.10.16"]
[Round "6"]
[White "Toth, Christian Endre"]
[Black "Paniagua Chnelik, Sebastian"]
[Result "1-0"]
[WhiteElo "2357"]
[BlackElo "2204"]
[PlyCount "77"]
[EventDate "2012.10.12"]
[EventType "swiss"]
[EventRounds "11"]
[EventCountry "ARG"]
[SourceTitle "EXT 2013"]
[Source "ChessBase"]
[SourceDate "2012.11.22"]
[SourceVersion "1"]
[SourceVersionDate "2012.11.22"]
[SourceQuality "1"]

1. d4 d5 2. c4 e6 3. Nf3 Nf6 4. g3 Be7 5. Bg2 0-0 6. 0-0 dxc4 7. Qc2 b5 8. a4 b4 9. Qxc4 Ba6 10. Qc2 Bb7 11. Bg5 Nbd7 12. Rd1 c5 13. Ne5 Bxg2 14. Kxg2 Rc8 15. Qb3 cxd4 16. Rxd4 Nc5 17. Qd1 Qc7 18. Nf3 e5 19. Rc4 Rfd8 20. Qc2 Qb7 21. Bxf6 b3 22. Qc1 Bxf6 23. Rxc5 e4 24. Nbd2 exf3+ 25. Nxf3 Rxc5 26. Qxc5 Bxb2 27. Rb1 Bf6 28. Kg1 Qe4 29. Rxb3 Qxe2 30. Kg2 Rd1 31. Rb8+ Bd8 32. Qb5 Qe6 33. Qe5 Qd7 34. Qe4 f6 35. Rb7 Qd6 36. Qe8+ Qf8 37. Qe6+ Kh8 38. Rxa7 Rd6 39. Rf7 1-0

[Event "American Continental 08th"]
[Site "Mar del Plata"]
[Date "2012.10.13"]
[Round "2"]
[White "Toth, Christian Endre"]
[Black "Toniutti, Ezio"]
[Result "1/2-1/2"]
[WhiteElo "2357"]
[BlackElo "2162"]
[PlyCount "56"]
[EventDate "2012.10.12"]
[EventType "swiss"]
[EventRounds "11"]
[EventCountry "ARG"]
[SourceTitle "EXT 2013"]
[Source "ChessBase"]
[SourceDate "2012.11.22"]
[SourceVersion "1"]
[SourceVersionDate "2012.11.22"]
[SourceQuality "1"]

1. d4 d5 2. c4 c6 3. Nc3 Nf6 4. cxd5 cxd5 5. Bf4 Nc6 6. e3 a6 7. Bd3 g6 8. h3 Bg7 9. Nf3 0-0 10. 0-0 b5 11. Rc1 Bb7 12. Ne5 Nd7 13. Nxc6 Bxc6 14. Na4 e5 15. dxe5 Rc8 16. Nc5 Nxe5 17. Be2 d4 18. Bxe5 Bxe5 19. e4 Qh4 20. Nd3 Bb8 21. Bg4 Rc7 22. Nc5 Ba8 23. Nxa6 Rxc1 24. Qxc1 h5 25. Bf3 Bxe4 26. Bxe4 Qxe4 27. Re1 Qd5 28. Nxb8 Rxb8 1/2-1/2

[Event "Benasque op 32nd"]
[Site "Benasque"]
[Date "2012.07.07"]
[Round "3"]
[White "Toth, Christian Endre"]
[Black "Jones, Gawain C B"]
[Result "0-1"]
[WhiteElo "2354"]
[BlackElo "2655"]
[PlyCount "71"]
[EventDate "2012.07.05"]
[EventType "swiss"]
[EventRounds "10"]
[EventCountry "ESP"]
[SourceTitle "CBM 149 Extra"]
[Source "ChessBase"]
[SourceDate "2012.08.24"]
[SourceVersion "1"]
[SourceVersionDate "2012.08.24"]
[SourceQuality "1"]

1. Nf3 Nf6 2. c4 g6 3. g3 Bg7 4. Bg2 0-0 5. d4 d6 6. 0-0 Nc6 7. Nc3 Rb8 8. h3 a6 9. e4 b5 10. cxb5 axb5 11. Re1 Nd7 12. Bg5 h6 13. Be3 Na5 14. b3 c5 15. Rc1 Bb7 16. dxc5 dxc5 17. Nxb5 Bxe4 18. Nc3 Bc6 19. Bf4 Rb7 20. Qe2 Qa8 21. Ne4 c4 22. bxc4 Rb2 23. Rc2 Rxc2 24. Qxc2 e5 25. Bc1 f5 26. Ned2 e4 27. Nh4 Ne5 28. Bb2 Kh7 29. Bxe5 Bxe5 30. Nxe4 fxe4 31. Bxe4 Bd4 32. Bd5 Bxf2+ 33. Qxf2 Rxf2 34. Re7+ Rf7 35. Rxf7+ Kg8 36. Be6 0-1

[Event "Osasco 50 Years"]
[Site "Osasco"]
[Date "2012.05.01"]
[Round "10"]
[White "Cubas, Jose Fernando"]
[Black "Toth, Christian Endre"]
[Result "1-0"]
[WhiteElo "2518"]
[BlackElo "2365"]
[PlyCount "89"]
[EventDate "2012.04.25"]
[EventType "tourn"]
[EventRounds "10"]
[EventCountry "BRA"]
[EventCategory "9"]
[SourceTitle "CBM 148 Extra"]
[Source "ChessBase"]
[SourceDate "2012.06.22"]
[SourceVersion "1"]
[SourceVersionDate "2012.06.22"]
[SourceQuality "1"]

1. e4 c5 2. Nf3 d6 3. d4 cxd4 4. Nxd4 Nf6 5. Nc3 g6 6. Be2 Bg7 7. Be3 Nc6 8. Nb3 0-0 9. f4 a6 10. Bf3 Bd7 11. 0-0 Rc8 12. Na4 b5 13. Nb6 Rb8 14. Nxd7 Nxd7 15. e5 Qc7 16. exd6 exd6 17. Bxc6 Qxc6 18. Bd4 Bxd4+ 19. Nxd4 Qb6 20. f5 d5 21. c3 b4 22. Kh1 bxc3 23. bxc3 Nc5 24. Qd2 Ne4 25. Qh6 Qd6 26. Rf3 gxf5 27. Qh4 Kh8 28. Rxf5 Qg6 29. Raf1 Rg8 30. g3 Rb7 31. Rxd5 Nxc3 32. Rdf5 Qd6 33. Nf3 Rb1 34. Rxb1 Nxb1 35. Ng5 Qd1+ 36. Kg2 Qc2+ 37. Rf2 Qc6+ 38. Rf3 Rg7 39. Qf4 f6 40. Ne4 Re7 41. Nxf6 Re2+ 42. Kh3 Nd2 43. Qb8+ Re8 44. Qb2 Nc4 45. Nxe8+ 1-0

[Event "Osasco 50 Years"]
[Site "Osasco"]
[Date "2012.04.30"]
[Round "9"]
[White "Toth, Christian Endre"]
[Black "Mareco, Sandro"]
[Result "0-1"]
[WhiteElo "2365"]
[BlackElo "2579"]
[PlyCount "72"]
[EventDate "2012.04.25"]
[EventType "tourn"]
[EventRounds "10"]
[EventCountry "BRA"]
[EventCategory "9"]
[SourceTitle "CBM 148 Extra"]
[Source "ChessBase"]
[SourceDate "2012.06.22"]
[SourceVersion "1"]
[SourceVersionDate "2012.06.22"]
[SourceQuality "1"]

1. Nf3 Nf6 2. c4 e6 3. g3 d5 4. b3 Be7 5. Bb2 0-0 6. Bg2 c5 7. 0-0 d4 8. e3 Nc6 9. exd4 cxd4 10. Re1 Ne8 11. d3 Nc7 12. a3 a5 13. Nbd2 f6 14. Qc2 e5 15. Re2 Bg4 16. h3 Bh5 17. g4 Bf7 18. Ne4 Ne6 19. Bc1 Re8 20. Bd2 Rb8 21. Ree1 Qd7 22. Nh2 Rec8 23. Rf1 b5 24. f4 exf4 25. Bxf4 Nxf4 26. Rxf4 a4 27. b4 bxc4 28. dxc4 d3 29. Qf2 Bxc4 30. Rd1 Bb3 31. Rd2 Ne5 32. Nc5 Rxc5 33. bxc5 Qa7 34. Rb4 Rc8 35. Rb7 Qxc5 36. Nf3 Qc1+ 0-1

[Event "Osasco 50 Years"]
[Site "Osasco"]
[Date "2012.04.28"]
[Round "5"]
[White "Toth, Christian Endre"]
[Black "Cubas, Jose Fernando"]
[Result "0-1"]
[WhiteElo "2365"]
[BlackElo "2518"]
[PlyCount "80"]
[EventDate "2012.04.25"]
[EventType "tourn"]
[EventRounds "10"]
[EventCountry "BRA"]
[EventCategory "9"]
[SourceTitle "CBM 148 Extra"]
[Source "ChessBase"]
[SourceDate "2012.06.22"]
[SourceVersion "1"]
[SourceVersionDate "2012.06.22"]
[SourceQuality "1"]

1. Nf3 Nf6 2. c4 e6 3. Nc3 d5 4. d4 Bb4 5. Qa4+ Nc6 6. Bg5 h6 7. Bxf6 Qxf6 8. cxd5 exd5 9. e3 0-0 10. Be2 Rd8 11. 0-0 a6 12. Rfc1 Be6 13. Qd1 Bd6 14. Na4 Ne7 15. Nc5 Bc8 16. b4 g5 17. a4 b6 18. Nd3 Ng6 19. Qc2 Bf5 20. Qc3 Bxd3 21. Bxd3 g4 22. Nd2 c5 23. bxc5 bxc5 24. Rab1 c4 25. Bc2 a5 26. Bd1 h5 27. g3 Bb4 28. Qc2 Ba3 29. Rb5 Bxc1 30. Qxc1 Nf8 31. Nb1 Ne6 32. Nc3 Ng5 33. Kg2 Rab8 34. Nxd5 Qe6 35. Nc3 Rxb5 36. axb5 Rb8 37. Qa3 Ne4 38. Qxa5 Qf5 39. f3 Nxc3 40. Qxc3 Qxb5 0-1

[Event "Osasco 50 Years"]
[Site "Osasco"]
[Date "2012.04.25"]
[Round "1"]
[White "Toth, Christian Endre"]
[Black "Alonso, Salvador"]
[Result "0-1"]
[WhiteElo "2365"]
[BlackElo "2506"]
[PlyCount "162"]
[EventDate "2012.04.25"]
[EventType "tourn"]
[EventRounds "10"]
[EventCountry "BRA"]
[EventCategory "9"]
[SourceTitle "CBM 148 Extra"]
[Source "ChessBase"]
[SourceDate "2012.06.22"]
[SourceVersion "1"]
[SourceVersionDate "2012.06.22"]
[SourceQuality "1"]

1. d4 d5 2. c4 c6 3. Nc3 Nf6 4. Nf3 dxc4 5. a4 Bf5 6. e3 e6 7. Bxc4 Bb4 8. 0-0 0-0 9. Qe2 Bg6 10. Ne5 Nbd7 11. Nxg6 hxg6 12. Rd1 Qe7 13. e4 e5 14. d5 a5 15. Bg5 Bc5 16. Be3 Bxe3 17. Qxe3 Qb4 18. Be2 Nb6 19. f3 cxd5 20. exd5 Nbd7 21. Bb5 Rfd8 22. Ne4 Nxe4 23. Bxd7 Nd6 24. Bb5 f6 25. Qb6 Rac8 26. Rac1 Kh7 27. Rc7 Nxb5 28. Rxc8 Rxc8 29. axb5 Rc2 30. Qe6 Qh4 31. Kh1 Qg5 32. Qh3+ Qh5 33. Qe6 Qf5 34. Qb6 e4 35. Qe3 exf3 36. Qxf3 Qxf3 37. gxf3 Kg8 38. d6 Rc8 39. Re1 Rd8 40. Re7 b6 41. d7 Kf8 42. Re6 Rxd7 43. Rxb6 Rd1+ 44. Kg2 Rd2+ 45. Kg3 Rxb2 46. Rb7 Rb4 47. b6 g5 48. Ra7 Rxb6 49. Rxa5 Rb4 50. Ra7 Kg8 51. Ra6 Kh7 52. Rc6 Kh6 53. Ra6 Kh5 54. Ra7 Kh6 55. Ra6 Kh7 56. Rc6 f5 57. Ra6 g4 58. f4 g6 59. Ra3 Kh6 60. Rc3 Kh5 61. Rc8 Rb3+ 62. Kg2 Kh6 63. Rh8+ Kg7 64. Ra8 Rf3 65. Ra4 Kh6 66. Rb4 Kh5 67. Ra4 Kh4 68. Ra6 Rxf4 69. Rxg6 Ra4 70. Rh6+ Kg5 71. Rb6 Ra2+ 72. Kg1 f4 73. Rb5+ Kh4 74. Rb8 f3 75. Rh8+ Kg5 76. Rg8+ Kf4 77. Rf8+ Ke3 78. Re8+ Kd3 79. Rd8+ Ke2 80. Re8+ Kd1 81. Rd8+ Ke1 0-1

[Event "Chennai op 4th"]
[Site "Chennai"]
[Date "2012.01.09"]
[Round "8"]
[White "Toth, Christian Endre"]
[Black "Paragua, Mark"]
[Result "1/2-1/2"]
[WhiteElo "2371"]
[BlackElo "2522"]
[PlyCount "52"]
[EventDate "2012.01.04"]
[EventType "swiss"]
[EventRounds "11"]
[EventCountry "IND"]
[SourceTitle "CBM 146 Extra"]
[Source "ChessBase"]
[SourceDate "2012.02.29"]
[SourceVersion "1"]
[SourceVersionDate "2012.02.29"]
[SourceQuality "1"]

1. d4 d5 2. c4 c6 3. Nc3 Nf6 4. Nf3 dxc4 5. a4 Bf5 6. e3 e6 7. Bxc4 Nbd7 8. 0-0 Bb4 9. Qe2 0-0 10. e4 Bg6 11. e5 Nd5 12. Nxd5 cxd5 13. Bd3 Be7 14. Bxg6 fxg6 15. Be3 Nb6 16. Qb5 Qd7 17. Qxd7 Nxd7 18. Rfc1 Rac8 19. Ne1 Nb8 20. Nd3 Nc6 21. Rc2 Kf7 22. Rac1 Ke8 23. Kf1 Kd7 24. Ke2 g5 25. h3 h6 26. Kd1 b6 1/2-1/2

[Event "Rio de Janeiro zt 2.4"]
[Site "Rio de Janeiro"]
[Date "2011.06.24"]
[Round "7"]
[White "Guimaraes, Wagner Peixoto"]
[Black "Toth, Christian Endre"]
[Result "1/2-1/2"]
[WhiteElo "2277"]
[BlackElo "2366"]
[PlyCount "37"]
[EventDate "2011.06.18"]
[EventType "swiss"]
[EventRounds "9"]
[EventCountry "BRA"]
[SourceTitle "CBM 143 Extra"]
[Source "ChessBase"]
[SourceDate "2011.08.29"]
[SourceVersion "1"]
[SourceVersionDate "2011.08.29"]
[SourceQuality "1"]

1. e4 e6 2. d4 d5 3. Nd2 c5 4. exd5 Qxd5 5. Ngf3 cxd4 6. Bc4 Qd6 7. 0-0 Nf6 8. Nb3 Nc6 9. Nbxd4 Nxd4 10. Nxd4 Be7 11. c3 0-0 12. Qe2 Bd7 13. Bg5 Rad8 14. Rad1 Qc5 15. Bh4 a6 16. Rfe1 Bc8 17. Bb3 Nd5 18. Bxe7 Nxe7 19. Nf3 1/2-1/2

[Event "Rio de Janeiro zt 2.4"]
[Site "Rio de Janeiro"]
[Date "2011.06.18"]
[Round "1"]
[White "Silva, Marcelo dos Santos"]
[Black "Toth, Christian Endre"]
[Result "0-1"]
[WhiteElo "2038"]
[BlackElo "2366"]
[PlyCount "38"]
[EventDate "2011.06.18"]
[EventType "swiss"]
[EventRounds "9"]
[EventCountry "BRA"]
[SourceTitle "CBM 143 Extra"]
[Source "ChessBase"]
[SourceDate "2011.08.29"]
[SourceVersion "1"]
[SourceVersionDate "2011.08.29"]
[SourceQuality "1"]

1. c4 e6 2. Nc3 f5 3. d4 Nf6 4. g3 Be7 5. Bg2 0-0 6. Nf3 d6 7. 0-0 Nc6 8. d5 Ne5 9. Nxe5 dxe5 10. e3 e4 11. a3 e5 12. f3 exf3 13. Bxf3 e4 14. Bg2 Ng4 15. Qc2 Bc5 16. Nd1 Qg5 17. Qe2 Bd6 18. Nf2 Nxh2 19. Kxh2 Qxg3+ 0-1

[Event "BRA-ch sf"]
[Site "Sao Paulo"]
[Date "2010.10.30"]
[Round "1"]
[White "Pires, Marcos Vinicius Tor"]
[Black "Toth, Christian Endre"]
[Result "0-1"]
[WhiteElo "2119"]
[BlackElo "2370"]
[PlyCount "118"]
[EventDate "2010.10.30"]
[EventType "swiss"]
[EventRounds "7"]
[EventCountry "BRA"]
[SourceTitle "EXT 2012"]
[Source "ChessBase"]
[SourceDate "2011.11.24"]
[SourceVersion "1"]
[SourceVersionDate "2011.11.24"]
[SourceQuality "1"]

1. e4 c5 2. Nf3 e6 3. d4 cxd4 4. Nxd4 Nf6 5. Nc3 d6 6. Be3 Be7 7. f3 0-0 8. Qd2 Nc6 9. g4 d5 10. g5 Nh5 11. exd5 Nxd4 12. Qxd4 Bxg5 13. 0-0-0 Bxe3+ 14. Qxe3 Qf6 15. Kb1 Nf4 16. d6 Bd7 17. Rd4 Nd5 18. Nxd5 exd5 19. Rxd5 Rfe8 20. Qf2 Bc6 21. Rd3 Rad8 22. Bg2 Rxd6 23. Rxd6 Qxd6 24. a3 Qf4 25. h4 h5 26. Rd1 Re3 27. Re1 Rxe1+ 28. Qxe1 g6 29. Qf2 Qh2 30. Ka2 Bd7 31. Qd2 Be6+ 32. b3 Qxh4 33. f4 b6 34. Be4 Qf6 35. Qg2 Qxf4 36. Bxg6 Qg4 37. Qa8+ Kg7 38. Bd3 a5 39. Qb8 Qd4 40. Qg3+ Kf6 41. Qf3+ Kg5 42. Qg3+ Bg4 43. Qc7 f5 44. Qe7+ Kf4 45. Qc7+ Kf3 46. Qe7 Kg3 47. Qe1+ Qf2 48. Qe5+ f4 49. Qc3 Qe3 50. Qg7 f3 51. Qc7+ Kg2 52. Qc3 Qc5 53. Qd2+ Kg3 54. Qe1+ Qf2 55. Qe5+ Kg2 56. Qf4 Qg3 57. Bf1+ Kh2 58. Qd2+ f2 59. Qg5 Be2 0-1

[Event "Rio de Janeiro Brazil op"]
[Site "Rio de Janeiro"]
[Date "2010.02.22"]
[Round "6"]
[White "Cramling, Dan"]
[Black "Toth, Christian Endre"]
[Result "1/2-1/2"]
[WhiteElo "2408"]
[BlackElo "2360"]
[PlyCount "46"]
[EventDate "2010.02.19"]
[EventType "swiss"]
[EventRounds "6"]
[EventCountry "BRA"]
[SourceTitle "CBM 134 Extra"]
[Source "ChessBase"]
[SourceDate "2010.03.03"]
[SourceVersion "1"]
[SourceVersionDate "2010.03.03"]
[SourceQuality "1"]

1. d4 d5 2. Nf3 Nf6 3. c4 e6 4. Nc3 Be7 5. Bg5 h6 6. Bh4 0-0 7. e3 b6 8. Qc2 Bb7 9. Bxf6 Bxf6 10. cxd5 exd5 11. g4 c5 12. 0-0-0 Nc6 13. h4 cxd4 14. exd4 Nb4 15. Qb3 Be7 16. a3 Nc6 17. g5 h5 18. Bb5 g6 19. Bxc6 Bxc6 20. Ne5 Bb7 21. f4 Bc8 22. Qxd5 Qxd5 23. Nxd5 Bd6 1/2-1/2